All 6 Letter Words that Begin With E - Statistics

General Stats
  • This quiz has been taken 30 times
  • The average score is 95 of 712
Answer Stats
% Correct
earned
75%
eleven
75%
events
75%
earths
70%
effort
70%
enters
70%
earthy
65%
Easter
65%
effect
65%
elders
65%
elects
65%
embers
65%
etches
65%
extras
65%
eagers
60%
earner
60%
eating
60%
egging
60%
etched
60%
ethers
60%
eagles
55%
easier
55%
edited
55%
elopes
55%
entree
55%
erased
55%
evades
55%
evenly
55%
evolve
55%
excite
55%
extend
55%
edicts
50%
editor
50%
elates
50%
elbows
50%
empire
50%
endear
50%
endure
50%
energy
50%
eraser
50%
erases
50%
errors
50%
etcher
50%
evaded
50%
evener
50%
exiled
50%
exiles
50%
exited
50%
export
50%
expose
50%
earing
45%
eaters
45%
ebbing
45%
edgers
45%
either
45%
elated
45%
elites
45%
elixir
45%
eloped
45%
ending
45%
engage
45%
engine
45%
ensure
45%
entire
45%
equals
45%
equate
45%
erotic
45%
erring
45%
evicts
45%
exalts
45%
excels
45%
expect
45%
expels
45%
expend
45%
expert
45%
extent
45%
eagres
40%
eatery
40%
echoed
40%
echoes
40%
edging
40%
eeling
40%
eggers
40%
egrets
40%
eighty
40%
ejects
40%
eloper
40%
embark
40%
embryo
40%
emotes
40%
enacts
40%
entail
40%
equine
40%
erects
40%
erodes
40%
evader
40%
evened
40%
everly
40%
exerts
40%
exhume
40%
exists
40%
easers
35%
easing
35%
eclair
35%
egress
35%
eludes
35%
emails
35%
emoted
35%
enough
35%
ensign
35%
envoys
35%
epochs
35%
eroded
35%
errand
35%
escape
35%
eschew
35%
essays
35%
esters
35%
ethics
35%
everts
35%
exacts
35%
except
35%
excess
35%
excuse
35%
expand
35%
expats
35%
expire
35%
extort
35%
eyeing
35%
eaglet
30%
easels
30%
eassel
30%
efface
30%
effing
30%
eights
30%
elapse
30%
elater
30%
elides
30%
eluder
30%
elvers
30%
emerge
30%
emoter
30%
empath
30%
employ
30%
enable
30%
enjoys
30%
ensues
30%
equity
30%
errant
30%
escort
30%
estate
30%
evokes
30%
exhale
30%
exhort
30%
exiler
30%
extols
30%
exudes
30%
eagled
25%
earwig
25%
easies
25%
eddies
25%
effigy
25%
elided
25%
eluded
25%
emblem
25%
emboss
25%
emends
25%
emmers
25%
encore
25%
engulf
25%
enrage
25%
ensued
25%
envied
25%
equips
25%
ermine
25%
esteem
25%
etudes
25%
eulogy
25%
eviler
25%
evoked
25%
extant
25%
extern
25%
earbud
20%
easied
20%
easily
20%
eddied
20%
educes
20%
eerier
20%
eiders
20%
eighth
20%
elfish
20%
elicit
20%
embeds
20%
encase
20%
encode
20%
endows
20%
enemas
20%
enigma
20%
enlist
20%
enmity
20%
ennuis
20%
envies
20%
esprit
20%
ethane
20%
euchre
20%
eunuch
20%
evilly
20%
examen
20%
exceed
20%
earwax
15%
Ebolas
15%
eclats
15%
eczema
15%
edgier
15%
educed
15%
educts
15%
egests
15%
eggnog
15%
elands
15%
eldest
15%
emojis
15%
enamel
15%
enates
15%
endive
15%
enfold
15%
enmesh
15%
enroll
15%
entity
15%
envier
15%
enzyme
15%
Ephete
15%
ergots
15%
errata
15%
espied
15%
espies
15%
Esther
15%
ethels
15%
etoile
15%
Europa
15%
excise
15%
exempt
15%
exites
15%
exitus
15%
exodus
15%
exotic
15%
extoll
15%
exuded
15%
exults
15%
eyeful
15%
eyelid
15%
eching
10%
eddoes
10%
edemas
10%
edible
10%
effete
10%
effuse
10%
eggcup
10%
eggier
10%
Elaine
10%
elding
10%
elvish
10%
embalm
10%
embody
10%
emceed
10%
emcees
10%
emeute
10%
emigre
10%
emmets
10%
empale
10%
endues
10%
enfile
10%
enjoin
10%
enrich
10%
enrols
10%
entice
10%
entoil
10%
entrap
10%
epaule
10%
epical
10%
epodes
10%
eposes
10%
equids
10%
ericas
10%
erotes
10%
erupts
10%
eschar
10%
escrow
10%
Eskimo
10%
esport
10%
estrus
10%
ethene
10%
ethine
10%
ethnic
10%
ethyls
10%
Eugene
10%
Eunice
10%
evince
10%
evited
10%
evites
10%
exines
10%
expiry
10%
extine
10%
eyelet
10%
earful
5%
earlet
5%
eatage
5%
Edenic
5%
Edgars
5%
eerily
5%
efflux
5%
efform
5%
eggler
5%
egoist
5%
ejecta
5%
elemis
5%
ELISAs
5%
Elisha
5%
ellops
5%
eloges
5%
elotes
5%
emaned
5%
emanes
5%
emball
5%
embays
5%
embiid
5%
embole
5%
emboli
5%
emetic
5%
emping
5%
empted
5%
emptor
5%
emulge
5%
enamor
5%
encamp
5%
encash
5%
endite
5%
endrin
5%
endued
5%
endura
5%
enerve
5%
enface
5%
enlace
5%
enlive
5%
ennead
5%
enroot
5%
enured
5%
enures
5%
envois
5%
enwrap
5%
eolith
5%
epoche
5%
eponym
5%
EPROMs
5%
equant
5%
equipt
5%
Erebus
5%
ergone
5%
ericad
5%
ersatz
5%
escarp
5%
escudo
5%
espier
5%
Essene
5%
estops
5%
estral
5%
estray
5%
estrin
5%
eterne
5%
Ethiop
5%
ettles
5%
eureka
5%
excern
5%
excide
5%
exeunt
5%
exoner
5%
earage
0%
earbob
0%
earlap
0%
earock
0%
eartab
0%
eathly
0%
ebanos
0%
ebbets
0%
EBCDIC
0%
Eberth
0%
ecanda
0%
ecarte
0%
eccles
0%
ecesic
0%
ecesis
0%
echard
0%
echini
0%
echium
0%
echoey
0%
echoic
0%
Eciton
0%
ecized
0%
ecizes
0%
eclose
0%
ecoids
0%
ecrase
0%
ectene
0%
ectopy
0%
ectype
0%
eddish
0%
edgily
0%
eebree
0%
eelery
0%
eelier
0%
eelpot
0%
effeir
0%
effund
0%
efreet
0%
egally
0%
egeran
0%
Egeria
0%
egesta
0%
eggars
0%
eggbox
0%
egghot
0%
egises
0%
egoism
0%
egoity
0%
Ehlers
0%
ehuawa
0%
eident
0%
eidola
0%
Eirann
0%
eithly
0%
ejidal
0%
ejidos
0%
Ekaris
0%
ekhimi
0%
ektene
0%
ekuele
0%
ekwele
0%
Elaeis
0%
elance
0%
Elanus
0%
Elaphe
0%
elapid
0%
elbuck
0%
eldern
0%
elegit
0%
elemol
0%
elench
0%
elenge
0%
Eleuth
0%
Eleuts
0%
elevon
0%
Elijah
0%
elisor
0%
elleck
0%
elmier
0%
Elnath
0%
elodea
0%
Elohim
0%
eloign
0%
elshin
0%
elsins
0%
elsons
0%
eluant
0%
eluate
0%
eluent
0%
eluted
0%
elutes
0%
Elymus
0%
Elysia
0%
elytra
0%
embale
0%
embank
0%
embase
0%
Embden
0%
embind
0%
embira
0%
emblic
0%
embolo
0%
emboly
0%
embosk
0%
embrew
0%
embrue
0%
embuia
0%
emeril
0%
emerod
0%
emeses
0%
emesis
0%
emodin
0%
emoloa
0%
emparl
0%
empery
0%
empest
0%
empids
0%
empory
0%
Empusa
0%
Emydea
0%
emydid
0%
enalid
0%
enarme
0%
enatic
0%
enbies
0%
encage
0%
encave
0%
encina
0%
enclog
0%
encyst
0%
endark
0%
endcap
0%
Endeks
0%
endoss
0%
endpin
0%
enduro
0%
endyma
0%
eneuch
0%
eneugh
0%
enewed
0%
enfire
0%
enfume
0%
engaud
0%
engild
0%
engird
0%
engirt
0%
englut
0%
englyn
0%
engobe
0%
engore
0%
engram
0%
enhalo
0%
enisle
0%
enjail
0%
enlard
0%
enlink
0%
enlock
0%
enmove
0%
enmuns
0%
ennuye
0%
enokis
0%
enolic
0%
Enopla
0%
enosis
0%
Enovid
0%
enrank
0%
enrapt
0%
enring
0%
enrobe
0%
ensate
0%
enseal
0%
enseam
0%
enseat
0%
enserf
0%
ensete
0%
ensile
0%
ensoul
0%
enstar
0%
Entada
0%
entame
0%
entify
0%
entomb
0%
entypy
0%
enveil
0%
enviro
0%
enwind
0%
enwomb
0%
Eocene
0%
eolian
0%
eonian
0%
eonism
0%
eosine
0%
eosins
0%
Eozoic
0%
eozoon
0%
epacts
0%
eparch
0%
epeira
0%
Eperua
0%
ephahs
0%
ephebe
0%
ephebi
0%
ephods
0%
ephori
0%
ephors
0%
ephyra
0%
epilog
0%
epimer
0%
epivag
0%
epizoa
0%
epocha
0%
eponge
0%
epopea
0%
epopee
0%
epopts
0%
epulis
0%
epural
0%
epures
0%
equina
0%
equoid
0%
Eratos
0%
erbium
0%
eremic
0%
erenow
0%
Erevan
0%
ergate
0%
erinea
0%
Erinys
0%
Erivan
0%
erizos
0%
Ersari
0%
erubin
0%
erucas
0%
eructs
0%
eruvin
0%
ervils
0%
eryngo
0%
Eryops
0%
esbats
0%
escots
0%
escrod
0%
escrol
0%
Esdras
0%
eshins
0%
esills
0%
eskers
0%
esnecy
0%
esodic
0%
espada
0%
espave
0%
espial
0%
espino
0%
esrogs
0%
essart
0%
essive
0%
essoin
0%
estall
0%
estero
0%
estocs
0%
estrum
0%
estufa
0%
etaacs
0%
etalon
0%
Etanim
0%
ethide
0%
ethion
0%
ethnos
0%
ethoxy
0%
ethrog
0%
ethyne
0%
Etnean
0%
etrogs
0%
etymon
0%
Euboic
0%
Euclea
0%
eucone
0%
Eudeve
0%
Eudist
0%
eunomy
0%
euodia
0%
euonym
0%
eupnea
0%
euripi
0%
euryon
0%
eutaxy
0%
eutely
0%
Euxine
0%
evanid
0%
evejar
0%
Evenki
0%
Evenks
0%
evenoo
0%
eveque
0%
Evipal
0%
Evodia
0%
evulse
0%
evzone
0%
exacta
0%
exacum
0%
exalte
0%
exarch
0%
excamb
0%
excoct
0%
excuss
0%
excyst
0%
exeats
0%
exeded
0%
exedes
0%
exedra
0%
exeems
0%
exequy
0%
exerce
0%
exilic
0%
Exmoor
0%
exodes
0%
exodia
0%
exodic
0%
exogen
0%
exomes
0%
exonic
0%
exopod
0%
expede
0%
expugn
0%
exsect
0%
exsert
0%
extasy
0%
extill
0%
extima
0%
extirp
0%
exurbs
0%
exuted
0%
exutes
0%
eyases
0%
eyebar
0%
eyecup
0%
Eyeish
0%
eyepit
0%
No matching quizzes found
Score Distribution
Percent of People with Each Score
Percentile by Number Answered
Your Score History
You have not taken this quiz